Import holstein-fríz, holland lapály, magyar tarka x holstein-fríz F1-es és magyar tarka elsőborjas tehenek termelési eredményeinek vizsgálata
Elmentve itt :
| Szerző: | |
|---|---|
| További közreműködők: | |
| Dokumentumtípus: | Szakdolgozat |
| Megjelent: |
1979
|
| Kulcsszavak: | Szarvasmarha-tenyésztés Takarmányozás |
| Tárgyszavak: | |
| Online Access: | http://diploma.bibl.u-szeged.hu/98328 |
| LEADER | 00791nta a2200217 i 4500 | ||
|---|---|---|---|
| 001 | dipl98328 | ||
| 005 | 20220128080029.0 | ||
| 008 | 220114s1979 hu om 0|| hun d | ||
| 040 | |a SZTE Diploma Repozitórium |b hun | ||
| 041 | |a hun | ||
| 100 | 1 | |a Czupp Pál | |
| 245 | 1 | 0 | |a Import holstein-fríz, holland lapály, magyar tarka x holstein-fríz F1-es és magyar tarka elsőborjas tehenek termelési eredményeinek vizsgálata |h [elektronikus dokumentum] / |c Pál Czupp |
| 260 | |c 1979 | ||
| 300 | |a 37 | ||
| 650 | 4 | |a Agrár | |
| 650 | 4 | |a Agricultural sciences | |
| 650 | 4 | |a Animal and Dairy science | |
| 695 | |a Szarvasmarha-tenyésztés | ||
| 695 | |a Takarmányozás | ||
| 700 | 1 | |a Mikó József |e ths | |
| 856 | 4 | 0 | |u http://diploma.bibl.u-szeged.hu/id/eprint/98328/1/1979_czupp_pal.pdf |z Dokumentum-elérés |